Vista normal
Vista MARC
Entrada Personal Name
Número de registros utilizados en: 1
001 - CONTROL NUMBER
- control field: 54680
003 - CONTROL NUMBER IDENTIFIER
- control field: Utea
005 - DATE AND TIME OF LATEST TRANSACTION
- control field: 20231226133610.0
008 - FIXED-LENGTH DATA ELEMENTS
- fixed length control field: 231226|| aca||aabn | a|a d
040 ## - CATALOGING SOURCE
- Original cataloging agency: Utea
- Transcribing agency: Utea
100 ## - HEADING--PERSONAL NAME
- Personal name: Ignacio Pozo, Juan
670 ## - SOURCE DATA FOUND
- Source citation: Work cat.: (Utea)747: Sheuer Montserrat de la cruz, Nora Autor 54679, Aprender a Dibujar y Escribir, 2010